| 000 | 01099nam a2200241Ia 4500 | ||
|---|---|---|---|
| 999 |
_c36716 _d36716 |
||
| 001 | 2646 | ||
| 003 | GE_BSU | ||
| 005 | 20230406175035.0 | ||
| 008 | 181216s1990||||ge |||||||||||||| ||geo|| | ||
| 020 | _a5520003560 | ||
| 040 | _cGE_BSU | ||
| 041 | _ageo | ||
| 080 | _a577.1 ფ–87 | ||
| 100 |
_aფრანკ–კამენეცკი, მ. _917534 |
||
| 245 |
_aყველაზე მთავარი მოლეკულა / _cმ. ფრანკ-კამენეცკი ; [მთარგმნ.: ნანა კიკნაძე] ; საქ. სსრ მეცნ. აკადემია |
||
| 264 |
_aთბილისი : _bმეცნიერება, _c1990. |
||
| 300 |
_a198 გვ.; _b20 სმ. |
||
| 490 |
_aათინათი : _v სამეცნიერო-პოპულარული ლიტერატურის სერია |
||
| 541 | _h7 ლ. | ||
| 653 | _aმოლეკულური ბიოლოგია | ||
| 700 |
_aკიკნაძე, ნანა _eმთარგმნელი _917535 |
||
| 942 |
_cBK _2udc |
||